| 000 | 00332nam a22001217a 4500 | ||
|---|---|---|---|
| 999 |
_c8468 _d8468 |
||
| 008 | 200219b ||||| |||| 00| 0 eng d | ||
| 020 | _a9788131525296 | ||
| 082 | _a621.8 SII | ||
| 100 | _aSIPSER, Michael | ||
| 245 |
_aIntroduction to the Theory of Computation _hEnglish |
||
| 250 |
_a3rd _b1 October 2014 |
||
| 260 |
_aNew Delhi _bCENGAGE |
||